000 01519nam0a2200313 4500
001 RU\NLR\BIBL_A\011823229
005 20181024171152.0
010 _a978-5-9948-2951-6
_9100
021 _aRU
_bКН-П-18-066867
_9КН-П-18-4815
035 _a(NLR Aleph) 011823229
035 _a(RuMoRGB)009739608
090 _a11972125
_c11972124
100 _a20181012d2018 u y0rusy50 ca
101 0 _arus
102 _aRU
105 _aa zzzz||||1yy
200 1 _aСвойства полимерных материалов
_eучебное пособие
_fН. А. Адаменко, Г. В. Агафонова
_gМинистерство образования и науки Российской Федерации, Волгоградский государственный технический университет
210 _aВолгоград
_cВолгГТУ
_d2018
215 _a93, [2] с.
_cил., табл.
_d21
320 _aБиблиогр.: с. 93-94 (19 назв.)
606 1 _aПолимеры
_jУчебные издания для высших учебных заведений
_xФизико-механические свойства
_92483928
_3RU\NLR\AUTH\661474321
686 1 _aЛ71-106я73-1
700 1 _aАдаменко
_bН. А.
_gНина Александровна
701 1 _aАгафонова
_bГ. В.
_gГалина Викторовна
942 _cBOOK
980 _aNBR
980 _aNB